000 nam a22 a 4500
999 _c1106
_d1106
003 AKMAL
005 20170508140400.0
008 170508s1996 my 00 may d
020 _a9839099280 (kkt.):
_cRM 18.00
039 9 _a201105270938
_bhasril
_c201105090953
_dmanoriah
_c201105061529
_dnoraini_y
040 _aAKMAL
_cAKMAL
049 _aklpmal
082 0 4 _a297.44 KON
_222
090 0 0 _a297.44
_bKON
090 2 0 _a297.44
_bKON
245 0 0 _aKontemporari Islam /
_cpenyunting Khairul Azhar Idris
260 _aKuala Lumpur :
_bInstitut Kefahaman Islam Malaysia,
_c1996
300 _avii, 187ms. ;
_c22cm
650 1 0 _aIslam
_9922
650 2 0 _aIslam and politics
_92302
650 2 0 _aIslam
_xEconomic aspects
_934
650 2 0 _aIslam and culture
_92303
700 0 _aKhairul Azhar Idris
_92304
942 _2ddc
_cBOOK